000 00673nam a22002057a 4500
003 OSt
005 20230928113146.0
008 230928b |||||||| |||| 00| 0 eng d
040 _cLadoV
082 _a700
_bB269b
100 _9907
_aBarraza, Mayra
_eautor
245 _aBreve conversación entre emes/
_bMi casa es tu casa/
260 _c2003
_bCentro Cultural España
_aEl Salvador
300 _a24p.
_c17x23cm
650 _2Tesauro de Arte & Arquitectura
_aARTE
650 _2Tesauro de Arte & Arquitectura
_aCOLECCION
_9703
650 _2Tesauro de Arte & Arquitectura
_aANÁLISIS
_9702
700 _aOMBU
_eautor
942 _2ddc
_c1
_h700
_iB269b
_n0
999 _c4429
_d4429